[Event "DVM U20w 2009"]
[Site "Chemnitz GER"]
[Date "2009.12.28"]
[Round "3"]
[White "Wilke, Tabea"]
[Black "Lösch, Caroline"]
[Result "0-1"]
[Termination "normal"]
[Board "7.1"]
[WhiteElo "911"]
[BlackElo "1278"]
[WhiteTeam "SC 1979 Hattersheim"]
[BlackTeam "SC Vaterstetten"]
[PlyCount "98"]
[WhiteFideId "12910015"]
[BlackFideId "12909971"]
[EventCountry "GER"]
[EventRounds "7"]
[EventType "team-swiss"]
[EventDate "2009.12.26"]

1. e4 e5 2. Nf3 Nc6 3. Bb5 Nf6 4. d3 d5 5. Nxe5 Bd7 6. Bxc6 Bxc6 7. Qf3 Bd6 8.
Qf5 Qe7 9. Bf4 Bxe5 10. Bxe5 dxe4 11. d4 O-O 12. O-O Rad8 13. Nc3 Rfe8 14. Rad1
Qe6 15. Qxe6 Rxe6 16. Bxc7 Rd7 17. Be5 Ng4 18. d5 Bxd5 19. Nxd5 Nxe5 20. Nc7
Red6 21. Rxd6 Rxd6 22. Re1 f5 23. f3 Rc6 24. Nd5 Rc5 25. Ne7+ Kf7 26. Nxf5 exf3
27. Nd6+ Kf6 28. Nxb7 Rxc2 29. Rf1 Rxg2+ 30. Kh1 Rd2 31. Nc5 Kf5 32. Na4 Kf4
33. h3 g5 34. Rg1 f2 35. Rf1 Kf3 36. Nc3 Nc4 37. Nd1 Rxd1 38. Rxd1 Ne3 39. Rc1
Ke2 40. b4 Kd2 41. Rb1 Kc2 42. Rg1 h5 43. a4 Kb3 44. h4 gxh4 45. Ra1 Kxb4 46.
Kh2 f1=Q 47. Rxf1 Nxf1+ 48. Kh3 Kxa4 49. Kxh4 a5 0-1

[Event "DVM U20w 2009"]
[Site "Chemnitz GER"]
[Date "2009.12.28"]
[Round "3"]
[White "Steinmann, Anna"]
[Black "Mitze, Alicia"]
[Result "1-0"]
[Termination "normal"]
[Board "7.2"]
[WhiteElo "1123"]
[BlackElo "827"]
[WhiteTeam "SC Vaterstetten"]
[BlackTeam "SC 1979 Hattersheim"]
[PlyCount "35"]
[EventCountry "GER"]
[EventRounds "7"]
[EventType "team-swiss"]
[EventDate "2009.12.26"]

1. e4 e5 2. Nf3 Nc6 3. Bc4 Bc5 4. Nc3 Nf6 5. d3 O-O 6. O-O d6 7. Bg5 Bg4 8. Nd5
Kh8 9. Nxf6 gxf6 10. Bh6 Rg8 11. Bxf7 Bd4 12. c3 Bb6 13. h3 Bxh3 14. Bxg8 Qxg8
15. Nh4 Ne7 16. Qf3 Ng6 17. Qxf6+ Qg7 18. Qxg7# 1-0